LEADER 01057nam0 22002891i 450 001 UON00142721 005 20231205102848.284 100 $a20020107d1915 |0itac50 ba 101 $ajpn 102 $aJP 105 $a|||| 1|||| 200 1 $aKabu ongyoku rosetsu$fTakano Tatsuno 210 $aTokyo$cRokuseikan$d1915 215 $a592 p.$d23 cm 606 $aMUSICA GIAPPONESE$3UONC000303$2FI 606 $aTEATRO GIAPPONESE$xKABUKI$3UONC000316$2FI 620 $aJP$dTo?kyo?$3UONL000031 686 $aT.G.$cTesti - Giapponesi$2A 700 1$aTAKANO$bTatsuno$3UONV010942$0667937 712 $aRokuseikwan$3UONV254416$4650 801 $aIT$bSOL$c20240220$gRICA 899 $aSIBA - SISTEMA BIBLIOTECARIO DI ATENEO$2UONSI 912 $aUON00142721 950 $aSIBA - SISTEMA BIBLIOTECARIO DI ATENEO$dSI T.G. 450 $eSI SA 99753 5 966 $aTEATRO KABUKI$zTEATRO GIAPPONESE - KABUKI$3UONC016776 996 $aKabu ongyoku rosetsu$91277801 997 $aUNIOR LEADER 00908nam0-2200277 --450 001 9911057828003321 005 20260203141824.0 010 $a978-88-222-6988-1 100 $a20260203d2025----kmuy0itay5050 ba 101 0 $afre 102 $aIT 105 $a 001yy 200 1 $aTactus, notation mensuraliste et contrepoint à la Renaissance$epour un contexte théorique et une épistémologie pratique$fYves Fournier 210 $aFirenze$cOlschki$d2025 215 $aXIV, 583 p.$d24 cm 225 1 $aHistoriae musicae cultores$v162 610 0 $aNotazione mensurale 676 $a780.148$v23 700 1$aFournier,$bYves$f<1982- >$01890607 801 0$aIT$bUNINA$gREICAT$2UNIMARC 901 $aBK 912 $a9911057828003321 952 $a781 FOUY 01$b2025/4278$fFLFBC 959 $aFLFBC 996 $aTactus, notation mensuraliste et contrepoint à la Renaissance$94532676 997 $aUNINA